[Event "FRA-chT4 0001"]
[Site "Niort"]
[Date "2000.10.15"]
[Round "1"]
[White "Adam, Etienne"]
[Black "Neau, Julien"]
[Result "1/2-1/2"]
[WhiteElo "1770"]
[BlackElo "1800"]
[PlyCount "87"]
[EventDate "2000.10.15"]
[EventType "team-tourn"]
[EventRounds "7"]
[EventCountry "FRA"]
[SourceTitle "EXT 2007"]
[Source "ChessBase"]
[SourceDate "2006.11.23"]
[SourceVersion "1"]
[SourceVersionDate "2006.11.23"]
[SourceQuality "1"]

1. e4 e6 2. Nf3 d5 3. e5 c5 4. b4 cxb4 5. a3 Nh6 6. d4 Nf5 7. axb4 Bxb4+ 8. c3 Be7 9. Ba3 0-0 10. Bd3 Bxa3 11. Nxa3 a6 12. Nb5 Bd7 13. g4 Bxb5 14. gxf5 Bxd3 15. Qxd3 exf5 16. Qxf5 Qd7 17. Qg5 f6 18. exf6 Rxf6 19. Ne5 Qf5 20. Qxf5 Rxf5 21. Ra5 Nc6 22. Rxd5 Re8 23. 0-0 Rg5+ 24. Kh1 Nxe5 25. f4 Rf5 26. Rxe5 Rexe5 27. dxe5 g5 28. Rg1 h6 29. fxg5 Rxg5 30. Rb1 b5 31. Ra1 Rg6 32. h4 Kf7 33. Kh2 Rc6 34. Kg2 Ke6 35. Kf2 Kxe5 36. Ke2 Ke4 37. Kd2 Rd6+ 38. Kc2 Kf4 39. Rg1 Kf5 40. h5 a5 41. Kb3 Rb6 42. Rg2 Ra6 43. Ka3 Rd6 44. Rg3 1/2-1/2